00999nam a2200217 a 4500001001000000003000500010005001700015008004100032010001100073011001100084040000900095100002500104245024500129260004100374500006000415502010400475650005800579650003800637650003600675856007000711000113263CHAP20250926103140.0170526s2016 mx sm |||||||spa d a109724 a110696 cCHAP1 aRivera Rivera, Laura13aEl capital social como elemento fundamental para el desarrollo del proyecto estrategico de seguridad alimentaria (PESA) en las Localidades de Mesa Redonda y Nazaret de Altzayanca, Tlaxcala, 2012-2015"h[En línea]cpor Laura Rivera Rivera. aChapingo, Méx. :bEl autor,c2016. aPara ver el contenido del material haga clic en la liga aTesis (M.C. en Desarrollo Rural Regional) -- UACH. Dirección de Centros Regionales Universitarios14aAlimentaciónxProgramas de desarolloxEvaluación.14aPolítica alimentariazTlaxcala.12aSeguridad alimentariazTlaxcala aFinding aiduhttp://10.13.5.2/tesis/sist113263.pdfzTeclea aquí